000 00920nam a2200241Ia 4500
003 CO-CtgCURN
005 20250410172737.0
008 190725s2010 xx 000 0 und d
020 _a9786071702944
040 _aCO-CtgCURN
_bspa
_ccoctgcurn
082 _a617.692
_bA581
100 _aAngeles Medina, Fernando
_eautor
_95205
245 0 _aPrótesis parcial removible :
_bprocedimientos clínicos, diseño y laboratorio /
_cFernando Angeles Bori, Nicolás Pacheco Guerrero
260 _aMéxico :
_bEditorial Trillas,
_c2010
300 _a192 páginas ;
_c25 centímetros
521 _aAREA PROFESIONAL
590 _aPrograma de Mecánica Dental_25
650 _aDentadura parcial removible
_95206
650 _aProtesis dental
_95207
700 _aPacheco Guerrero, Nicolás
_eautor
_95208
942 _cBK
_h617.692
_iA581
_2ddc
_n0
999 _c30167
_d30167